000
00272nam a2200109Ia 4500
008
200302s9999 xx 000 0 und d
100
_a
Dimitrs Kottas
245
_a
The Architects Handbook
260
_b
Page one Publishing Private limited
260
_c
2007
300
_a
223 p
999
_c
4882
_d
4882